000 01017nam a22002177a 4500
005 20240530110624.0
008 161231s2014 ua a g b 000 0 ara d
017 _a2012/20459
_bمصر. دار الكتب
020 _a9789779001517
040 _aEG-CaGPL
_cEG-CaGPL
082 0 4 _221
_a371.89\
_bم م
100 0 _aمجدى ابراهيم محمد ابراهيم .
245 1 2 _aالمدرسة الجاذبة للطالب و كيفية القضاء على ظاهرة الغياب :
_bهذا البحث حائز على جائزة وزارة التربية و التعليم فى المسابقة الثقافية لعام 2012 م /
_cمجدى ابراهيم محمد ابراهيم .
250 _aط.1
260 _aالاسكندرية :
_bدار الوفاء لدنيا الطباعة و النشر ،
_c2014 .
300 _a111 ص ؛
_c24 سم .
504 _aببليوجرافية : ص 105 - 106
650 0 7 _2qrmak
_aالموجه .
942 _2ddc
_cBK
999 _c63113
_d63113